000 00506nam a2200145Ia 4500
008 151213s9999 xx 000 0 und d
100 _aবাংলা একাডেমী।
245 _aভাষা ও সাহিত্য।
_cবাংলা একাডেমী।
260 _aঢাকা
_bবাংলা একাডেমী।
_c1970
300 _a8841 p.
650 _aBangla
650 _aসাহিত্য।
700 _aবাংলা একাডেমী।
999 _c4626
_d4626